000 00562nam a22001817a 4500
005 20220720100436.0
008 220719b ||||| |||| 00| 0 eng d
040 _cAL
041 _aEnglish
082 _223
_a340.59
_bDARC
100 _aDar Al Kitab Allubnani
_951603
245 _aConferences of Riyad March 23 1972: On Moslem Doctrine and Human Rights in Islam
260 _aBeirut
_bDar Al Kitab Allubnani
_c1972
300 _a221 p.
_bPB
_c21x14 cm.
650 _aConference of Riyad
_951604
700 _aDAR AL KITAB ALLUBNANI
_951605
942 _2ddc
_cGF
999 _c224008
_d224008